000 00415nam a2200157 4500
005 20260317122323.0
008 CUC123
050 _aHG 5993 SHO
_b1
100 _aGRIFFITH-JONES STEPHANY
245 _aSHORT- TERM CAPITAL FLOWS AND ECONOMICS CRISES
260 _aOXFORD
_bOXFORD UNIVERSITY PRESS
_cGREAT BRITAIN
300 _aviii,313p
700 _aMONTES F. MANUEL
700 _aNASUTION ANWAR
942 _2lcc
_cBK
_n0
999 _c9074
_d9074